- Paz, Octavio,
Entry Nombre Personal
001 - NUMERO DE CONTROL
- campo de control: 28604
003 - IDENTIFICADOR DE NUMERO DE CONTROL
- campo de control: UPN
005 - FECHA Y HORA DE LA ÜLTIMA TRANSACCIÓN
- campo de control: 20230512100320.0
008 - DATOS DE LONGITUD FIJA
- campo de control de longitud fija: nabaccnnaabn|||||||||| b |nc|||||d
010 ## - NÚMERO DE CONTROL DE LA BIBLIOTECA DEL CONGRESO
- Número de control LC: n 79076107
035 ## - NUMERO DE CONTROL
- Número de control: (Uk)000388732
035 ## - NUMERO DE CONTROL
- Número de control: (OCoLC)oca00308783
040 ## - FUENTE DE CATALOGACIÓN
- Lenguaje de catalogación: spa
- Agencia de transcripción: DLC
- Agencia original de catalogación: DLC
- Agencia que lo modifica: DLC
- Agencia que lo modifica: DLC-R
- Agencia que lo modifica: DLC-R
- Agencia que lo modifica: DLC
- Agencia que lo modifica: OCoLC
- Agencia que lo modifica: OCl
- Agencia que lo modifica: OCoLC
- Agencia que lo modifica: InU-Mu
- Agencia que lo modifica: DLC
- Agencia que lo modifica: UPB
- Agencia que lo modifica: OrU
- Agencia que lo modifica: DLC
- Agencia que lo modifica: Uk
- Agencia que lo modifica: WaU
- Agencia que lo modifica: MX-MxUPN
046 ## - FECHAS CON CODIFICACIÓN ESPECIAL
- Fuente del formato de fecha: edtf
- Fecha de nacimiento: 1914-03-31
- Fecha de muerte: 1998-04-19
053 #4 - NÚMERO DE CLASIFICACIÓN LC
- Número de clasificación elemento-número único o número inicial de tramo: PQ7297.P285
100 1# - ENCABEZAMIENTO - NOMBRE PERSONAL
- Nombre personal: Paz, Octavio,
- Fechas asociadas con el nombre: 1914-1998
368 ## - OTROS ATRIBUTOS DE PERSONA O ENTIDAD CORPORATIVA
- Fuente: lcdgt
- Other designation: Mexicanos
368 ## - OTROS ATRIBUTOS DE PERSONA O ENTIDAD CORPORATIVA
- Fuente: lcdgt
- Other designation: Ganador del premio nobel
370 ## - LUGAR ASOCIADO
- Fuente del término: naf
- Place of birth: Ciudad de México (México)
- Place of death: Ciudad de México (México)
- Associated country: México
- Place of residence/headquarters: España
- Place of residence/headquarters: Estados Unidos
- Place of residence/headquarters: India
- Place of residence/headquarters: Francia
372 ## - CAMPO DE ACTIVIDAD
- Fuente del término: lcgft
- Field of activity: Poesía
- Field of activity: Ensayos
372 ## - CAMPO DE ACTIVIDAD
- Fuente del término: lcsh
- Field of activity: Relaciones internacionales
373 ## - GRUPO ASOCIADO
- Fuente del término: naf
- Associated group: University of Cambridge
- Associated group: University of Texas at Austin
- Associated group: Harvard University
374 ## - OCUPACIÓN
- Fuente del término: lcsh
- Occupation: Poeta
- Occupation: Ensayista
- Occupation: Diplomático
375 ## - GÉNERO
- Fuente del término: lcdgt
- Gender: masculino
378 ## - FORMA COMPLETA DE NOMBRE PERSONAL
- Fuller form of personal name: Paz Lozano
400 1# - VEÁSE - NOMBRE DE PERSONA
- Personal name: Pʻa-ssu, Ao-kʻo-tʻa-wei-ao,
- Dates associated with a name: 1914-1998
400 0# - VEÁSE - NOMBRE DE PERSONA
- Personal name: Ao-kʻo-tʻa-wei-ao Pʻa-ssu,
- Dates associated with a name: 1914-1998
400 1# - VEÁSE - NOMBRE DE PERSONA
- Personal name: Paz, O.
- Fuller form of name: (Octavio),
- Dates associated with a name: 1914-1998
400 1# - VEÁSE - NOMBRE DE PERSONA
- Personal name: Pas, Oktavio,
- Dates associated with a name: 1914-1998
400 1# - VEÁSE - NOMBRE DE PERSONA
- Personal name: Paz Lozano, Octavio,
- Dates associated with a name: 1914-1998
400 1# - VEÁSE - NOMBRE DE PERSONA
- Personal name: Lozano, Octavio Paz,
- Dates associated with a name: 1914-1998
670 ## - FUENTE EN LA QUE SE LOCALIZARON DATOS
- Cita de la fuente: T
- Información localizada: Salvat universal
670 ## - FUENTE EN LA QUE SE LOCALIZARON DATOS
- Cita de la fuente: Rukeyser, M. The green wave, 1948.
670 ## - FUENTE EN LA QUE SE LOCALIZARON DATOS
- Cita de la fuente: 1990 nien No-pei-erh wen hsüeh chiang te chu Ao-kʻo-tʻa-wei-ao Pʻa-ssu shih hsüan, 1991:
- Información localizada: portada (Ao-kʻo-tʻa-wei-ao Pʻa-ssu) página 3, 2nd group, etc. (Octavio Paz, b. Mar. 31,1914 in Mexico City; Nobel Prize laureate winner of 1990 for poetry; resided in Mexico)
670 ## - FUENTE EN LA QUE SE LOCALIZARON DATOS
- Cita de la fuente: Actas del Primer Congreso Internacional sobre Luis Cernuda (1902-1963), 1990?:
- Información localizada: portada (O. Paz) página 13 (Octavio Paz)
670 ## - FUENTE EN LA QUE SE LOCALIZARON DATOS
- Cita de la fuente: Washington post, April 21, 1998:
- Información localizada: obit. (Octavio Paz; d. April 19, 1998 at his Mexico City home, aged 84)
670 ## - FUENTE EN LA QUE SE LOCALIZARON DATOS
- Cita de la fuente: Osvi︠a︡shchenie miga, 2000:
- Información localizada: portada (Oktavio Pas) p. facing t.p. (Octavio Paz [in rom.])
670 ## - FUENTE EN LA QUE SE LOCALIZARON DATOS
- Cita de la fuente: Wikipedia, May 26, 2010:
- Información localizada: (Octavio Paz; Octavio Paz Lozano (March 31, 1914-April 19, 1998); Mexican writer, poet, and diplomat, and the winner of the 1990 Nobel Prize for Literature; lived in U.S., France, Spain, India, etc.)
670 ## - FUENTE EN LA QUE SE LOCALIZARON DATOS
- Cita de la fuente: The collected poems of Octavio Paz, 1957-1987, 1991
- Información localizada: página xiii (lived in Spain) página xiv (lived in United States) page xv (Mexican Ambassador to India in 1962; taught at Cambridge University, the University of Texas, and Harvard)
670 ## - FUENTE EN LA QUE SE LOCALIZARON DATOS
- Cita de la fuente: Nobel Foundation, WWW, viewed on March 12, 2019:
- Información localizada: Nobel Prize in Literature 1990 (The Nobel Prize in Literature 1990 was awarded to Octavio Paz "for impassioned writing with wide horizons, characterized by sensuous intelligence and humanistic integrity.")
670 ## - FUENTE EN LA QUE SE LOCALIZARON DATOS
- Cita de la fuente: Poetry Foundation website, November 15, 2019
- Información localizada: (Octavio Paz, 1914-1998; Mexican author; master poet and essayist; born near Mexico City; in 1946 he was offered a post as Mexico’s cultural attaché to France, and served in his country’s diplomatic corps for the next two decades)
- Uniform Resource Identifier: https://www.poetryfoundation.org/poets/octavio-paz
680 ## - NOTA PUBLICA DE ACCESO PÚBLICO
- Frase explicativa de la referencia: Poeta mexicano
902 ## - CATALOGADOR
- Catalogador: DAA/221107
902 ## - CATALOGADOR
- Catalogador: NDAF/120523
